000 00645nam a22001937a 4500
005 20251108165545.0
008 250721s1993 xx 000 0 ara d
082 1 4 _aم/414/مطع
100 1 _aالمطعني، عبد العظيم
245 1 0 _aالمجاز في اللغة و القرآن الكريم بين الإجازة و المنع :
_bعرض و تحليل و نقد /
250 _aط2
264 1 _aالقاهرة :
_bمكتبة وهبة،
_c1993.
300 _a2ج في مج1.
650 1 7 _aاللغة العربية
650 1 7 _aالبلاغة
650 1 7 _aالقرآن الكريم
942 _2ddc
_cREF
999 _c30705
_d30705